Los oligoelementos en agricultura y ganaderia : incidencia en la nutrición humana /
Guardado en:
| Autor Principal: | |
|---|---|
| Otros Autores: | |
| Formato: | Libro |
| Publicado: |
Buenos Aires :
Hemisferio Sur,
1993
|
| Materias: | |
| Etiquetas: |
Agregar Etiqueta
Sin Etiquetas, Sea el primero en etiquetar este registro!
|
| LEADER | 01011nam a22001935a 4500 | ||
|---|---|---|---|
| 001 | CEM.cems017482 | ||
| 005 | 20110510161151.0 | ||
| 008 | 130507s1993##################000#0#####d | ||
| 003 | CEMS | ||
| 020 | |a 9505045115 | ||
| 082 | 0 | 4 | |a 613.285 |
| 100 | 1 | |a Coic, Yves | |
| 245 | 1 | 0 | |a Los oligoelementos en agricultura y ganaderia : |b incidencia en la nutrición humana / |c Ives Coic y Marcel Coppenet |
| 260 | |a Buenos Aires : |b Hemisferio Sur, |c 1993 | ||
| 300 | |a 165 p. | ||
| 505 | 0 | |a Los oligoelementos en fisiología vegetal -- Los oligoelementos en el suelo -- Las deficiencias y las toxicidades -- La cura de las carencias y de las toxicidades -- Problemas que se presentan en la agricultura francesa por los oligoelementos en la producción vegetal -- Los oligoelementos para los cultivos hidroponicos -- Los oligoelementos y los animales domesticos -- La nutrición en oligoelementos del hombre | |
| 653 | |a Oligoelementos | ||
| 700 | 1 | |a Coppenet, Marcel | |
| 859 | |a CEMS |b BIB. CEMS - Agricultura |h 613.285 |i C664 |p A1284.11 |t Ej.1 | ||
